000 01824nam a2200289Ia 4500
005 20260409155502.0
008 130821s1956 mx a fr spa
040 _aCo-BoUCM
_bspa
_cSandra Yazo (modificó)
_dSandra Yazo (modificó)
041 _aspa
082 0 4 _a330.1
_bCh15
100 1 _aChamberlin, Edward Hastings
_9110936
_d1899-1967
245 1 0 _aTeoría de la competencia monopólica
_cEdward Hastings Chamberlin ; versión española de Cristóbal Lara Beautell y Victor L. Urquidi.
260 _aMéxico D.F. (México)
_bFondo de Cultura Económica
_c1956
300 _a292 páginas
_bilustraciones
_c22 x 15 cm
490 0 _aSeleccion de obras de Economía / Eduardo Suárez ; Víctor L. Urquidi y Javier Márquez
500 _aEj.3 encuadernación flexible en cartulina, impresión a dos tintas. Guardas. Anteportada. Portada impresa en una sola tinta, firma del donante y sello de tinta. Texto impreso en una sola columna, gráficos entre el texto. Notas al pie de página. es de la Donación Dr. Álvaro Daza Roa. Transferencia al Archivo Histórico en el año 2025
504 _aIncluye referencias bibliográficas
505 _aEl valor en condiciones de competencia pura ; Duopolio y oligopolio ; Diferenciación del producto: Competencia monopólica ; La diferenciación del producto y la teoría del valor ; Costo de venta y costo de producción ; Los costos de venta y la teoría del valor ; La competencia monopólica e imperfecta
506 _aConsulta en sala
650 0 4 _aAnálisis económico
_98987
650 0 4 _aMercados competencia
_919358
690 _aEconomía
_9174
700 1 _aLara Beautell
_9110937
_etraductor
700 1 _aUrquidi, Victor L.
_930541
_etraductor
765 0 _aThe Theory of Monopolistic Competition
942 _cLIBRO
_a7
_e1
_mCH15
_2DEWEY
_h330.1
999 _c6926
_d6926